Online katalóg knižníc regiónu Turca

Hollywoodske prvé milovanie (Record no. 22219)

MARC details
000 -LEADER
fixed length control field 01696cam a2200529 a 4500
001 - CONTROL NUMBER
control field 22219
003 - CONTROL NUMBER IDENTIFIER
control field VRT
005 - DATE AND TIME OF LATEST TRANSACTION
control field 20260323134242.0
008 - FIXED-LENGTH DATA ELEMENTS--GENERAL INFORMATION
fixed length control field 240315s2012 xo e 000 f slo
015 ## - NATIONAL BIBLIOGRAPHY NUMBER
National bibliography number SNBA2013
020 ## - INTERNATIONAL STANDARD BOOK NUMBER
International Standard Book Number 9788055129617
Qualifying information (viaz.)
035 ## - SYSTEM CONTROL NUMBER
System control number 4E9F41EE-47E9-4942-BBA6-DF7B99416B72
035 ## - SYSTEM CONTROL NUMBER
System control number urn:nbn:sk:snk-amlgjo
035 ## - SYSTEM CONTROL NUMBER
System control number urn:nbn:sk:snk-am0093wo
039 #9 - LEVEL OF BIBLIOGRAPHIC CONTROL AND CODING DETAIL [OBSOLETE]
Level of rules in bibliographic description 202403152010
Level of effort used to assign nonsubject heading access points VLOAD
Level of effort used to assign subject headings 201606102035
Level of effort used to assign classification VLOAD
Level of effort used to assign subject headings 201510290724
Level of effort used to assign classification AUTHORITY
Level of effort used to assign subject headings 201510290722
Level of effort used to assign classification AUTHORITY
040 ## - CATALOGING SOURCE
Original cataloging agency PPPK
Language of cataloging slo
Transcribing agency PPPK
Modifying agency SNK
Description conventions AACR2
041 1# - LANGUAGE CODE
Language code of text/sound track or separate title slo
Language code of original eng
044 ## - COUNTRY OF PUBLISHING/PRODUCING ENTITY CODE
MARC country code xo
ISO country code SK
072 #7 - SUBJECT CATEGORY CODE
Subject category code 821.111(73)-3
Subject category code subdivision Americká próza
Source konspekt
080 ## - UNIVERSAL DECIMAL CLASSIFICATION NUMBER
Universal Decimal Classification number 821.111(73)-31
Edition identifier 2001
100 1# - MAIN ENTRY--PERSONAL NAME
Personal name Collins, Jackie,
Dates associated with a name 1937-2015
Relationship aut
240 10 - UNIFORM TITLE
Uniform title Goddess of vengeance
Language of a work Slovensky
245 10 - TITLE STATEMENT
Title Hollywoodske prvé milovanie
Statement of responsibility, etc. Jackie Collinsová ; [z anglického originálu preložila Tamara Chovanová]
250 ## - EDITION STATEMENT
Edition statement [1. vyd.]
260 ## - PUBLICATION, DISTRIBUTION, ETC.
Place of publication, distribution, etc. Bratislava
Name of publisher, distributor, etc. Ikar
Date of publication, distribution, etc. 2012
300 ## - PHYSICAL DESCRIPTION
Extent 365 s.
Dimensions 21 cm
655 #7 - INDEX TERM--GENRE/FORM
Genre/form data or focus term americké romány
Source of term SNKPH
655 #7 - INDEX TERM--GENRE/FORM
Genre/form data or focus term American fiction
Source of term SNKPHeng
700 1# - ADDED ENTRY--PERSONAL NAME
Personal name Chovanová, Tamara,
Dates associated with a name 1953-
Relationship trl
910 ## - USER-OPTION DATA (OCLC)
User-option data pppk
910 ## - USER-OPTION DATA (OCLC)
User-option data ttkjf
910 ## - USER-OPTION DATA (OCLC)
User-option data pokpoh
910 ## - USER-OPTION DATA (OCLC)
User-option data svkbb
910 ## - USER-OPTION DATA (OCLC)
User-option data vthk
910 ## - USER-OPTION DATA (OCLC)
User-option data sllk
910 ## - USER-OPTION DATA (OCLC)
User-option data skpk
910 ## - USER-OPTION DATA (OCLC)
User-option data bjkdg
910 ## - USER-OPTION DATA (OCLC)
User-option data hevk
910 ## - USER-OPTION DATA (OCLC)
User-option data snk
910 ## - USER-OPTION DATA (OCLC)
User-option data savuk
942 ## - ADDED ENTRY ELEMENTS (KOHA)
Source of classification or shelving scheme Dewey Decimal Classification
Koha item type Krásna literatúra pre dospelých
Suppress in OPAC No
949 ## - LOCAL PROCESSING INFORMATION (OCLC)
6 270001000403474
a svkbbA 136256
b svkbbm 731141
949 ## - LOCAL PROCESSING INFORMATION (OCLC)
6 17A1055093
a snkSC 151596
b snk2012/21549
o 2281/12
s 6100:20160112
949 ## - LOCAL PROCESSING INFORMATION (OCLC)
6 17A1056432
a snkSC 151596 D1
b snk2012/23033
o 2281/12
949 ## - LOCAL PROCESSING INFORMATION (OCLC)
6 273K0547937
a svkpoA 214591
b svkpo552789
949 ## - LOCAL PROCESSING INFORMATION (OCLC)
6 2889189913
a savukPV 17000
b savuk2012/4574
Holdings
Stav vyradenia Strata Poškodenie Spôsob nadobudnutia Domovská knižnica Aktuálna knižnica Dátum nadobudnutia Total checkouts Čiarový kód exemplára Date last seen Typ exemplára
      Dar Obecná knižnica Turčianska Štiavnička Obecná knižnica Turčianska Štiavnička 23.03.2026   4738000677 23.03.2026 Krásna literatúra pre dospelých
Projekt je podporený Slovenskou asociáciou knižníc
Prevádzkuje Turčianska knižnica Martin 2026